000 00538nam a2200229Ia 4500
003 OSt
005 20220924142832.0
006 a|||||r|||| 00| 0
007 ta
008 ASM
024 _a303459
037 _cTextual
040 _aARTS
_cARTS
_bASM
041 _2ASM
_aASM
082 _a158,6NHA:g, L4
100 _aSabha
_9214145
245 0 _aHazarikar sahitya pratibha
260 _c1974
650 _aASSAMESE LITERATURE
_911738
942 _h158,6NHA:g, L4
_cTEXL
_2CC
999 _c452114
_d452114